|
|
|
|
| LEADER |
00000nam0a2200000 4500 |
| 001 |
215002 |
| 005 |
20231101225933.0 |
| 035 |
|
|
|a (RuTPU)RU\TPU\book\234896
|
| 090 |
|
|
|a 215002
|
| 100 |
|
|
|a 20120503d1978 k y0rusy50 ca
|
| 101 |
0 |
|
|a rus
|
| 102 |
|
|
|a UA
|
| 105 |
|
|
|a a z 101zy
|
| 200 |
1 |
|
|a Современные проблемы теоретической и прикладной механики
|e труды IV Всесоюзного съезда по теоретической и прикладной механике, Киев, 21-28 мая 1976 г.
|f Академия наук СССР (АН СССР) ; Академия наук Украинской ССР (АН УССР)
|
| 210 |
|
|
|a Киев
|c Наукова думка
|d 1978
|
| 215 |
|
|
|a 411 с.
|c ил.
|
| 320 |
|
|
|a Библиография в конце статей
|
| 606 |
1 |
|
|a Механика теоретическая
|2 stltpush
|3 (RuTPU)RU\TPU\subj\59441
|9 76991
|
| 606 |
1 |
|
|a Прикладная механика
|2 stltpush
|3 (RuTPU)RU\TPU\subj\51670
|9 70243
|
| 610 |
1 |
|
|a аналитическая механика
|
| 610 |
1 |
|
|a оптимизация
|
| 610 |
1 |
|
|a механические системы
|
| 610 |
1 |
|
|a гироскопические системы
|
| 610 |
1 |
|
|a механизмы
|
| 610 |
1 |
|
|a машины
|
| 610 |
1 |
|
|a жидкости
|
| 610 |
1 |
|
|a газы
|
| 610 |
1 |
|
|a гидродинамика
|
| 610 |
1 |
|
|a аэродинамика
|
| 610 |
1 |
|
|a газовая динамика
|
| 610 |
1 |
|
|a дисперсные среды
|
| 610 |
1 |
|
|a биомеханика
|
| 610 |
1 |
|
|a деформируемые твердые тела
|
| 610 |
1 |
|
|a разрушение
|
| 610 |
1 |
|
|a прочность
|
| 610 |
1 |
|
|a упругость
|
| 610 |
1 |
|
|a съезды
|
| 675 |
|
|
|a 531(063)
|v 3
|
| 675 |
|
|
|a 621.01:531(063)
|v 3
|
| 712 |
0 |
2 |
|a Академия наук СССР (АН СССР)
|2 stltpush
|3 (RuTPU)RU\TPU\col\722
|
| 712 |
0 |
2 |
|a Академия наук Украинской ССР (АН УССР)
|c (1936-1991)
|2 stltpush
|3 (RuTPU)RU\TPU\col\332
|
| 712 |
1 |
2 |
|a Современные проблемы теоретической и прикладной механики
|b всесоюзный съезд
|d 4
|e Киев
|f 1976
|
| 801 |
|
1 |
|a RU
|b 63413507
|c 20120503
|
| 801 |
|
2 |
|a RU
|b 63413507
|c 20120505
|g RCR
|
| 942 |
|
|
|c BK
|